000 00316nam a2200133Ia 4500
008 231129s1984||||xx |||||||||||||| ||spa||
040 _bspa
082 _a320.52 B562nu
100 _aBetancur Belisario
245 0 _aNuestra patria es America
260 _c1984
264 _aImprenta Nacional
942 _2ddc
_cBKS
999 _c21830
_d21830